| 000 | 00543cam a2200193ua 4500 | ||
|---|---|---|---|
| 001 | 3309 | ||
| 008 | 111017n ii |||gr||||Z||||||asm | ||
| 040 | _cMAIN | ||
| 082 | _a891.4513 | ||
| 100 | 1 |
_aGoswami, Manuj Kumar, _eAuthor. |
|
| 245 | 1 | 1 |
_aPrithivir hesh station aru anya akhon chabi _cby Manuj Kumar Goswami |
| 250 | _a1st. | ||
| 260 |
_aGuahati: _bArch Prakashan,996. |
||
| 300 |
_a111: _c23cm. |
||
| 653 | _aAssamese short stories | ||
| 653 | _aPrithivir hesh station aru anya akhon chabi | ||
| 700 | _aMahanta, Maine, | ||
| 942 | _cBK | ||
| 999 |
_c3154 _d3154 |
||